Alimentación en acuicultura
Guardat en:
| Autors principals: | , |
|---|---|
| Format: | Llibre |
| Idioma: | espanyol |
| Publicat: |
Madrid
CAICYT
1987
|
| Matèries: | |
| Etiquetes: |
Afegir etiqueta
Sense etiquetes, Sigues el primer a etiquetar aquest registre!
|
MARC
| LEADER | 00000nam a2200000 a 4500 | ||
|---|---|---|---|
| 001 | UCV5375 | ||
| 003 | CL-VaPUC | ||
| 008 | 930514e19870000SP |||||||||||||||||spa|d | ||
| 082 | 0 | 4 | |a 639.3 |b ESP |2 21 |
| 100 | 0 | |a Espinosa de los Monteros, J |e author |9 299710 | |
| 700 | 0 | |a Labarta, U |e author |9 299711 | |
| 245 | 1 | 0 | |a Alimentación en acuicultura |
| 300 | |a 325 p | ||
| 942 | |c BK | ||
| 945 | |d 19930514 00:00:00 | ||
| 260 | |a Madrid |b CAICYT |c 1987 | ||
| 650 | 7 | |a PECES ALIMENTACION Y ALIMENTOS |2 CL-VaPUC |9 262141 | |
| 650 | 0 | |a Acuicultura |9 258883 | |
| 583 | |a last modification |c 19930514 00:00:00 |k Rodrigo Vera | ||
| 999 | |c 211922 |d 211920 | ||
| 952 | |0 0 |1 0 |4 0 |6 639_300000000000000_ESP_1987 |7 0 |8 CCM |9 191960 |a BIBCUR |b BIBCUR |d 2019-11-14 |i 1963740 |o 639.3 ESP 1987 |p 1963740 |r 2025-04-22 |w 2019-11-14 |y BK_R |k CIM | ||